000 00627nam a22002417a 4500
003 OSt
005 20180116183002.0
008 150324b xxu||||| |||| 00| 0 eng d
020 _a9788126541270
022 _a9788126541270
040 _c0
050 _a658.3
082 _a658.3
100 _aSchermerhorn,John R.
245 _aOrganizational Behavior.
_bInternational Student Version.
_cJohn R.Schermerhorn,Jr
250 _a12th.
260 _aNew Delhi
_bWILEY
_c2012
300 _a130p.
500 _aPaper Cover
600 _aSchermerhorn,John R.
700 _aSchermerhorn,John R.
942 _2ddc
_cBK
_k658.3
999 _c349899
_d349899